| 000 | 00410nam a2200133Ia 4500 | ||
|---|---|---|---|
| 008 | 230917s9999||||xx |||||||||||||| ||und|| | ||
| 040 |
_e92120 _aMAIN |
||
| 041 | _aEnglish | ||
| 082 | _a370.153 M278S | ||
| 100 | _aMahipal Singh | ||
| 245 | 0 | _aStudy of adjustment of students in the context of their attitude to educational authorities, their need-achievement and personality | |
| 300 | _a223 p. | ||
| 942 | _cTH | ||
| 999 |
_c87138 _d87138 |
||